000 00429cam a22001337a 4500
008 180718b1951 xxu||||| |||| 00| 0 eng d
082 _aB263 V559
100 _aVenkatrangaiya, M.
245 _aCompetitive and co-operative trends in federalism
_cby M. Venkatrangaiya
260 _a
_b
_c1951
440 _aGokhale Institute of Politics and Economics, R. R. Kale Memorial Lecture, 1951
500 _aRs. 1-8
650 _aFederalism
999 _c375486
_d375486